000
00256nam a2200133Ia 4500
100
_a
Spencer
942
_c
BK
366
_f
20
245
_a
Who moved my cheese
260
_b
#N/A
082
_a
808.83
_b
SPE
546
_a
MARATHI
_c
Computers
999
_c
31323
_d
31323